00542nam a2200109Ia 4500008004100000245002100041300021800062650000900280856005200289999001900341952007200360170517s9999 xx 000 0 und d aAtari: Game Over aHow do you go from the fastest growing company in the history of the United States to a debt-infested and dissolved empire in less than a decade? With the release of Pong in the late 1970's, Atari established a... xArt. uhttp://topdocumentaryfilms.com/atari-game-over/ c333115d333115 001040aCLbCLd2017-05-17l0r2017-05-17 00:00:00w2017-05-17yDF